| 000 | 01245nam a22002657a 4500 | ||
|---|---|---|---|
| 003 | PE SENCICO BE | ||
| 005 | 20251020182711.0 | ||
| 008 | 250122b |||||||| |||| 00| 0 eng d | ||
| 020 | _a978-84-92463-42-8 | ||
| 040 |
_aPE SENCICO BE _cPE SENCICO BE |
||
| 041 |
_aspa _aeng _aita _apor |
||
| 082 |
_a720.284 _bZ34 |
||
| 100 | 1 |
_9396 _aZamora Mola, Francesc _eautor |
|
| 245 | 1 |
_aThe sketch book / _cFrancesc Zamora Mola |
|
| 250 | _a[1a ed.] | ||
| 260 |
_aBarcelona : _bLoft Publications ; _c2010 |
||
| 300 |
_a597 páginas : _bilustraciones a color, láminas ; _c28 cm. |
||
| 520 | 3 | _aPresenta ejemplos que descubren la función de los bosquejos y el empleo que de ellos hacen los arquitectos. El material gráfico propuesto, con frecuencia generado mediante ordenador, es bidimensional o tridimensional y ayuda a reflexionar sobre algunos proyectos determinados. Es importante tener en cuenta que la evolución de los bocetos afecta a la forma de entender los proyectos a la vez que favorece su comprensión. | |
| 650 | 1 | 0 |
_92866 _aRepresentación arquitectónica |
| 650 | 2 | 0 |
_9428 _aDibujo arquitectónico |
| 650 | 2 | 0 |
_9336 _aDibujo técnico |
| 650 | 2 | 0 |
_9457 _aMaquetas (Arquitectura) |
| 910 |
_ahfp _bhfp _chfp |
||
| 942 |
_2ddc _cLIB |
||
| 999 |
_c5073 _d5073 |
||